000 00608cam a2200205 a 4500
001 000018080
005 20200929165339.0
008 741108s1956 nyu 000 f eng d
040 _aDO-SdBNP
_cOU
_dOCoLC
_dDLC
_dBNPHU
042 _apremarc
082 _a154.7
_bB531s
100 1 _aBernstein, Morey.
_939183
245 1 4 _aThe search for Bridey Murphy /
_cMorey Bernstein.
260 _aGarden City, [New York] :
_bDoubleday,
_c1956.
300 _a256 p. ;
_c22 cm.
500 _aAccount of an experiment in hypnosis.
650 4 _aHipnotismo
_939184
910 _aCatalogación derivada
049 _aBNGR
999 _c17602
_d17602